000 00437nam a2200157Ia 4500
003 LK-CoDNM
008 010623t1908 xxu||||| |||| 00| 1 Pali d
040 _aLK-CoDNM
_dLK-CoDNM
_eLK-CoDNM
041 _aPali
080 _a104 U.21
245 _aශ්‍රීඅශීතිපූර්තිමංගලම්
246 _aSriasheethipuurthimangalam
260 _bVidyasagara
_aColombo
_c1908
300 _b15p., 18 cm
942 _cBK
999 _c86949
_d86949